| 000 | 00440nam a22001577a 4500 | ||
|---|---|---|---|
| 008 | 230627b |||||||| |||| 00| 0 eng d | ||
| 020 | _a978-1-4053-2801-2 | ||
| 040 |
_aNational Science Library _cNational Science Library |
||
| 080 |
_aR 912(100) _bP9 |
||
| 245 | _aConcise atlas of the world | ||
| 260 |
_aLondon: _bDorling Kindersley, _c2001 |
||
| 300 | _axxxii, 350p. | ||
| 650 | _aAtlas | ||
| 653 | _aGeography | ||
| 942 |
_2udc _cMP |
||
| 999 |
_c47510 _d47510 |
||